000
00208 a2200097 4500
001
42145
100
_a
Bates H E
245
_a
Reader's Digest Omnbos
260
_a
_b
Andre Deutsch
_c
090
_c
26135
_d
26135
942
_a
NUST-CAE
_c
M
_c
17931
999
_c
277218
_d
277218